000 01875nas a2200301 i 4500
001 173088
003 ES-MaACL
005 20251003192822.0
007 t|
008 091028c19411943sp a| | 1 ||pa d
080 _a3 : 061.12(460)
110 2 _aReal Academia de Ciencias Morales y Políticas (España)
_9222050
245 1 0 _aDiscursos de recepción leídos en la Real Academia de Ciencias Morales y Políticas
_g1941-1943.
260 _aMadrid :
_b[s. n.],
_c1941 (Sucesores de Rivedeneyra)
300 _a1 v. ;
_c26 cm.
505 8 _aContiene: T. XVII: Orientaciones pedagógicas / José Jorro y Miranda (116 p.). Contestación / Luis Marichalar y Monreal. Vizconde de Eza (p. 117-143). Lo sustantivo y lo adjetivo en la formación cultural de la juventud / José Rogeiro-Sánchez y García (59 p.). Contestación / Luis Redonat y López-Doriga (p. 61-84(. Quiebra y restauración del derecho internacional / José de Yanguas y Messía (53 p.). Contestación / José Gascón y Marín 8p. 55-74). Crisis de la familia en la sociedad moderna / Eloy Montero y Gutiérrez (117 p.). Contestación / Eloy Bullón y Fernández (p. 11119-134). La época del mercantilismo en Castilla (1500-1700) / José Larraz López (136 p.). Contestación / Rafael Marín Lázaro (p. 137-161).
700 1 _aBullón y Fernández, Eloy,
_cMarqués de Selva Alegre,
_d1879-1957
_932523
700 0 _aJorro y Miranda, José,
_cConde de Altea
_966964
700 1 _aEza, Luis Marichalar y Monreal,
_cVizconde de,
_d1873-1945
_976705
700 1 _aYanguas Messía, José de,
_d1890-1974
_9117556
700 1 _aGascón y Marín, José.
_955866
700 1 _aMontero Gutiérrez, Eloy.
_982525
700 1 _aLarraz, José,
_d1904-1973
_970328
700 1 _aMarín Lázaro, Rafael.
_976794
852 _aES-MaACL
_jK-199
852 _aES-MaACL
_jF-M-III-D
999 _c173088
_d173088